| 000 | 01295cam a22002294a 4500 | ||
|---|---|---|---|
| 005 | 20250605164204.0 | ||
| 008 | 250528s ||||||||||||||||||||||||d | ||
| 035 | _a19850 | ||
| 020 | _a960712605Χ | ||
| 040 |
_aGR-AtMCL _bgre _dGR-AtMCL _eAACR2 |
||
| 245 | 1 | _aΟλική Ποιότητα | |
| 250 | _a1η | ||
| 260 | _c1993 | ||
| 300 | _a208 | ||
| 505 | 0 | _aΕισαγωγή στην Ολική Ποιότητα, Βασικές Έννοιες της Ολικής Ποιότητας, Υλοποίηση Προγράμματος Ολικής Ποιότητας, Η Διαδικασία Βελτίωσης της Ποιότητας, Διοίκηση Ολικής Ποιότητας στην Πράξη, Βιβλιογραφία, Γλωσσάρι. | |
| 520 | _aΕισαγωγή στην Ολική Ποιότητα, Βασικές Έννοιες της Ολικής Ποιότητας, Υλοποίηση Προγράμματος Ολικής Ποιότητας, Η Διαδικασία Βελτίωσης της Ποιότητας, Διοίκηση Ολικής Ποιότητας στην Πράξη, Βιβλιογραφία, Γλωσσάρι. | ||
| 700 | 1 |
_aΓαλαίος _96015 |
|
| 700 | 1 |
_aΣπανός Αντώνης _96016 |
|
| 942 | _cBK | ||
| 999 |
_c5096 _d5096 |
||